[Event "DEM U10w 2024"]
[Site "Willingen GER"]
[Date "2024.05.24"]
[Round "9"]
[White "Preißler, Enie"]
[Black "Wolf, Aurelia"]
[Result "1-0"]
[Termination "normal"]
[Board "13"]
[WhiteElo "1019"]
[BlackElo "1498"]
[WhiteClock "00:33:13"]
[BlackClock "00:18:47"]
[PlyCount "151"]
[BlackFideId "34671048"]
[EventCountry "GER"]
[EventRounds "11"]
[EventType "swiss"]
[EventDate "2024.05.18"]

1. d4 {[%clk 01:15:57]} Nf6 {[%clk 01:15:54]} {[%emt 00:00:06]} 2. Bf4 {[%clk
01:15:44]} {[%emt 00:00:42]} e6 {[%clk 01:16:15]} {[%emt 00:00:10]} 3. e3
{[%clk 01:15:24]} {[%emt 00:00:50]} c5 {[%clk 01:16:35]} {[%emt 00:00:11]} 4.
Nf3 {[%clk 01:13:10]} {[%emt 00:02:43]} Nc6 {[%clk 01:16:38]} {[%emt 00:00:27]}
5. c4 {[%clk 01:11:19]} {[%emt 00:02:22]} b6 {[%clk 01:13:04]} {[%emt
00:04:04]} 6. Nc3 {[%clk 01:09:37]} {[%emt 00:02:12]} Bb7 {[%clk 01:12:00]}
{[%emt 00:01:33]} 7. Bd3 {[%clk 01:07:58]} {[%emt 00:02:10]} Be7 {[%clk
01:08:45]} {[%emt 00:03:44]} 8. O-O {[%clk 01:07:41]} {[%emt 00:00:47]} O-O
{[%clk 01:06:25]} {[%emt 00:02:50]} 9. Qe2 {[%clk 01:04:40]} {[%emt 00:03:32]}
Nh5 {[%clk 01:05:59]} {[%emt 00:00:55]} 10. Be5 {[%clk 01:04:01]} {[%emt
00:01:08]} Nxe5 {[%clk 01:06:01]} {[%emt 00:00:29]} 11. Nxe5 {[%clk 01:03:37]}
{[%emt 00:00:54]} Nf6 {[%clk 01:05:19]} {[%emt 00:01:13]} 12. Rfd1 {[%clk
01:02:33]} {[%emt 00:01:34]} d6 {[%clk 01:04:02]} {[%emt 00:01:47]} 13. Ng4
{[%clk 01:01:07]} {[%emt 00:01:54]} Nd7 {[%clk 00:51:46]} {[%emt 00:12:44]} 14.
Rac1 {[%clk 00:59:03]} {[%emt 00:02:38]} f5 {[%clk 00:51:08]} {[%emt 00:01:08]}
15. Bc2 {[%clk 00:49:17]} {[%emt 00:10:16]} fxg4 {[%clk 00:50:13]} {[%emt
00:01:25]} 16. Qxg4 {[%clk 00:48:44]} {[%emt 00:01:03]} Bh4 {[%clk 00:48:22]}
{[%emt 00:02:21]} 17. Qxe6+ {[%clk 00:47:06]} {[%emt 00:02:07]} Kh8 {[%clk
00:47:56]} {[%emt 00:00:56]} 18. Rd2 {[%clk 00:43:53]} {[%emt 00:03:43]} Rf6
{[%clk 00:43:02]} {[%emt 00:05:24]} 19. Qh3 {[%clk 00:43:27]} {[%emt 00:00:54]}
Rh6 {[%clk 00:39:59]} {[%emt 00:03:35]} 20. Qg4 {[%clk 00:31:57]} {[%emt
00:12:00]} Nf6 {[%clk 00:36:55]} {[%emt 00:03:35]} 21. Qe2 {[%clk 00:23:29]}
{[%emt 00:08:57]} Nd7 {[%clk 00:32:02]} {[%emt 00:05:23]} 22. Qg4 {[%clk
00:19:54]} {[%emt 00:04:05]} Qg5 {[%clk 00:31:24]} {[%emt 00:01:08]} 23. Qxg5
{[%clk 00:20:11]} {[%emt 00:00:12]} Bxg5 {[%clk 00:31:45]} {[%emt 00:00:10]}
24. d5 {[%clk 00:19:52]} {[%emt 00:00:50]} Nf8 {[%clk 00:29:46]} {[%emt
00:02:26]} 25. Re1 {[%clk 00:19:29]} {[%emt 00:00:56]} Bf6 {[%clk 00:25:41]}
{[%emt 00:04:35]} 26. Nd1 {[%clk 00:19:03]} {[%emt 00:00:56]} Ba6 {[%clk
00:23:54]} {[%emt 00:02:13]} 27. b3 {[%clk 00:19:27]} {[%emt 00:00:09]} b5
{[%clk 00:23:56]} {[%emt 00:00:29]} 28. Bd3 {[%clk 00:18:50]} {[%emt 00:01:07]}
bxc4 {[%clk 00:24:01]} {[%emt 00:00:24]} 29. Bxc4 {[%clk 00:19:09]} {[%emt
00:00:11]} Bxc4 {[%clk 00:24:19]} {[%emt 00:00:12]} 30. bxc4 {[%clk 00:19:36]}
{[%emt 00:00:04]} Rb8 {[%clk 00:23:48]} {[%emt 00:01:02]} 31. e4 {[%clk
00:19:37]} {[%emt 00:00:28]} Rb1 {[%clk 00:22:44]} {[%emt 00:01:34]} 32. Rf1
{[%clk 00:19:15]} {[%emt 00:00:51]} Be5 {[%clk 00:19:30]} {[%emt 00:03:44]} 33.
h3 {[%clk 00:19:31]} {[%emt 00:00:15]} Rc1 {[%clk 00:18:55]} {[%emt 00:01:05]}
34. f3 {[%clk 00:19:15]} {[%emt 00:00:46]} Bd4+ {[%emt 00:02:34]} 35. Kh2
{[%clk 00:18:47]} {[%emt 00:00:17]} Rxc4 {[%clk 00:17:23]} {[%emt 00:00:40]}
36. Kh1 {[%clk 00:17:25]} {[%emt 00:01:51]} Rb4 {[%clk 00:14:09]} {[%emt
00:03:44]} 37. Rc2 {[%clk 00:16:56]} {[%emt 00:00:58]} Rb8 {[%clk 00:10:12]}
{[%emt 00:04:28]} 38. Re1 {[%clk 00:16:07]} {[%emt 00:01:18]} Nd7 {[%clk
00:07:45]} {[%emt 00:02:57]} 39. Ree2 {[%clk 00:15:19]} {[%emt 00:01:18]} Rc8
{[%clk 00:07:12]} {[%emt 00:01:04]} 40. Ne3 {[%clk 00:14:27]} {[%emt 00:01:21]}
Bxe3 {[%clk 00:06:44]} {[%emt 00:00:58]} 41. Rxe3 {[%clk 00:14:49]} {[%emt
00:00:08]} c4 {[%clk 00:05:50]} {[%emt 00:01:24]} 42. Ra3 {[%clk 00:14:40]}
{[%emt 00:00:40]} g6 {[%clk 00:03:07]} {[%emt 00:03:13]} 43. Rxa7 {[%clk
00:14:49]} {[%emt 00:00:21]} Ne5 {[%clk 00:02:44]} {[%emt 00:00:52]} 44. a4
{[%clk 00:14:43]} {[%emt 00:00:37]} c3 {[%clk 00:01:02]} {[%emt 00:02:11]} 45.
Kg1 {[%clk 00:14:09]} {[%emt 00:01:03]} Nd3 {[%clk 00:00:35]} {[%emt 00:00:59]}
46. a5 {[%clk 00:13:48]} {[%emt 00:00:51]} Nb4 {[%clk 00:00:52]} {[%emt
00:00:11]} 47. Rc1 {[%clk 00:13:02]} {[%emt 00:01:18]} c2 {[%clk 00:01:15]}
{[%emt 00:00:07]} 48. a6 {[%clk 00:13:19]} {[%emt 00:00:14]} Nd3 {[%clk
00:01:22]} {[%emt 00:00:22]} 49. Rxc2 {[%clk 00:13:40]} {[%emt 00:00:08]} Rxc2
{[%clk 00:01:45]} {[%emt 00:00:07]} 50. Rb7 {[%clk 00:14:02]} {[%emt 00:00:08]}
Nc5 {[%clk 00:01:48]} {[%emt 00:00:28]} 51. a7 {[%clk 00:14:01]} {[%emt
00:00:31]} Nxb7 {[%clk 00:00:45]} {[%emt 00:01:32]} 52. a8=Q+ {[%clk 00:14:20]}
{[%emt 00:00:12]} Kg7 {[%clk 00:01:01]} {[%emt 00:00:13]} 53. Qxb7+ {[%clk
00:14:42]} {[%emt 00:00:07]} Kf6 {[%clk 00:00:56]} {[%emt 00:00:36]} 54. Kh2
{[%clk 00:13:40]} {[%emt 00:01:32]} Re2 {[%clk 00:14:32]} {[%emt 00:01:54]} 55.
Qd7 {[%clk 00:28:28]} {[%emt 00:00:42]} g5 {[%clk 00:14:26]} {[%emt 00:00:37]}
56. Kg3 {[%clk 00:28:23]} {[%emt 00:00:34]} Kg6 {[%clk 00:12:39]} {[%emt
00:02:14]} 57. Qxd6+ {[%clk 00:28:35]} {[%emt 00:00:20]} Kg7 {[%clk 00:12:37]}
{[%emt 00:00:30]} 58. Qe5+ {[%clk 00:28:38]} {[%emt 00:00:29]} Kg6 {[%clk
00:12:25]} {[%emt 00:00:43]} 59. d6 {[%clk 00:28:53]} {[%emt 00:00:16]} Kf7
{[%clk 00:12:06]} {[%emt 00:00:49]} 60. d7 {[%clk 00:28:42]} {[%emt 00:00:40]}
Re6 {[%clk 00:12:18]} {[%emt 00:00:18]} 61. Qxe6+ {[%clk 00:28:50]} {[%emt
00:00:22]} Kxe6 {[%clk 00:12:27]} {[%emt 00:00:22]} 62. d8=Q {[%clk 00:28:52]}
{[%emt 00:00:18]} Kf7 {[%clk 00:00:00]} {[%emt 00:05:33]} 63. Qxg5 {[%clk
00:30:20]} {[%emt 00:01:36]} Ke6 {[%clk 00:15:56]} {[%emt 00:00:12]} 64. h4
{[%clk 00:30:11]} {[%emt 00:00:36]} Kf7 {[%clk 00:15:55]} {[%emt 00:00:34]} 65.
h5 {[%clk 00:30:11]} {[%emt 00:00:29]} Ke6 {[%clk 00:15:57]} {[%emt 00:00:29]}
66. h6 {[%clk 00:30:34]} {[%emt 00:00:07]} Rxg2+ {[%clk 00:16:10]} {[%emt
00:00:18]} 67. Kxg2 {[%clk 00:30:49]} {[%emt 00:00:14]} Kf7 {[%clk 00:16:32]}
{[%emt 00:00:08]} 68. Qg7+ {[%clk 00:31:12]} {[%emt 00:00:07]} Ke6 {[%clk
00:16:54]} {[%emt 00:00:08]} 69. Qxh7 {[%clk 00:31:25]} {[%emt 00:00:17]} Kf6
{[%clk 00:17:15]} {[%emt 00:00:09]} 70. Qg7+ {[%clk 00:31:44]} {[%emt
00:00:09]} Ke6 {[%clk 00:17:22]} {[%emt 00:00:24]} 71. h7 {[%clk 00:32:03]}
{[%emt 00:00:11]} Kd6 {[%clk 00:17:42]} {[%emt 00:00:11]} 72. h8=Q {[%clk
00:32:12]} {[%emt 00:00:22]} Kc5 {[%clk 00:18:01]} {[%emt 00:00:10]} 73. Qd8
{[%clk 00:32:10]} {[%emt 00:00:31]} Kc6 {[%clk 00:18:21]} {[%emt 00:00:09]} 74.
Qgc7+ {[%clk 00:32:33]} {[%emt 00:00:08]} Kb5 {[%clk 00:18:35]} {[%emt
00:00:16]} 75. Qdb8+ {[%clk 00:33:00]} {[%emt 00:00:03]} Ka6 {[%clk 00:18:47]}
{[%emt 00:00:19]} 76. Qca7# {[%clk 00:33:13]} {[%emt 00:00:17]} 1-0

[Event "DEM U10w 2024"]
[Site "Willingen GER"]
[Date "2024.05.24"]
[Round "9"]
[White "Lao, Theodora Siyuan"]
[Black "Seyedfakhari, Elena"]
[Result "1-0"]
[Termination "normal"]
[Board "14"]
[WhiteElo "1087"]
[BlackElo "1060"]
[WhiteClock "01:17:12"]
[BlackClock "00:56:07"]
[PlyCount "47"]
[WhiteFideId "34667547"]
[BlackFideId "34639888"]
[EventCountry "GER"]
[EventRounds "11"]
[EventType "swiss"]
[EventDate "2024.05.18"]

1. e4 {[%clk 01:15:59]} {[%emt 00:00:01]} e5 {[%clk 01:15:54]} {[%emt
00:00:06]} 2. Nc3 {[%clk 01:16:25]} {[%emt 00:00:04]} Nf6 {[%clk 01:16:14]}
{[%emt 00:00:10]} 3. Nf3 {[%clk 01:16:46]} {[%emt 00:00:09]} Nc6 {[%clk
01:16:28]} {[%emt 00:00:16]} 4. Bc4 {[%clk 01:17:09]} {[%emt 00:00:07]} Nxe4
{[%clk 01:16:28]} {[%emt 00:00:30]} 5. Nxe4 {[%clk 01:17:33]} {[%emt 00:00:06]}
d5 {[%clk 01:16:42]} {[%emt 00:00:15]} 6. Bxd5 {[%clk 01:17:56]} {[%emt
00:00:08]} Qxd5 {[%clk 01:16:57]} {[%emt 00:00:14]} 7. d3 {[%clk 01:18:00]}
{[%emt 00:00:26]} Bf5 {[%clk 01:16:37]} {[%emt 00:00:51]} 8. Qe2 {[%clk
01:17:51]} {[%emt 00:00:40]} Be7 {[%clk 01:15:01]} {[%emt 00:02:04]} 9. c4
{[%clk 01:17:54]} {[%emt 00:00:27]} Qa5+ {[%clk 01:14:51]} {[%emt 00:00:34]}
10. Bd2 {[%clk 01:18:07]} {[%emt 00:00:23]} Qb6 {[%clk 01:14:45]} {[%emt
00:00:32]} 11. O-O {[%clk 01:18:21]} {[%emt 00:00:20]} Qxb2 {[%clk 01:14:28]}
{[%emt 00:00:47]} 12. Rfb1 {[%clk 01:18:04]} {[%emt 00:00:47]} Qa3 {[%clk
01:14:19]} {[%emt 00:00:24]} 13. Rb3 {[%clk 01:17:20]} {[%emt 00:01:28]} Qa6
{[%clk 01:13:57]} {[%emt 00:00:46]} 14. Nc3 {[%clk 01:16:55]} {[%emt 00:01:02]}
Bf6 {[%clk 01:13:41]} {[%emt 00:00:47]} 15. Nd5 {[%clk 01:16:56]} {[%emt
00:00:28]} e4 {[%clk 01:13:27]} {[%emt 00:00:45]} 16. Nxc7+ {[%clk 01:17:11]}
{[%emt 00:00:15]} Kf8 {[%clk 01:13:14]} {[%emt 00:00:41]} 17. Nxa6 {[%clk
01:17:32]} {[%emt 00:00:10]} exf3 {[%clk 01:13:27]} {[%emt 00:00:17]} 18. Qxf3
{[%clk 01:17:33]} {[%emt 00:00:28]} Bxa1 {[%clk 01:13:32]} {[%emt 00:00:26]}
19. Rxb7 {[%clk 01:17:29]} {[%emt 00:00:35]} Nd4 {[%clk 01:13:02]} {[%emt
00:00:59]} 20. Qd5 {[%clk 01:16:55]} {[%emt 00:01:01]} Be6 {[%clk 01:12:08]}
{[%emt 00:01:23]} 21. Qd6+ {[%clk 01:16:35]} {[%emt 00:00:53]} Kg8 {[%clk
01:11:45]} {[%emt 00:00:53]} 22. Rb8+ {[%clk 01:16:37]} {[%emt 00:00:27]} Rxb8
{[%clk 00:55:53]} {[%emt 00:16:25]} 23. Qxb8+ {[%clk 01:16:52]} {[%emt
00:00:16]} Bc8 {[%clk 00:56:07]} {[%emt 00:00:15]} 24. Qxc8# {[%clk 01:17:12]}
{[%emt 00:00:10]} 1-0

[Event "DEM U10w 2024"]
[Site "Willingen GER"]
[Date "2024.05.24"]
[Round "9"]
[White "Hirtzel, Hanna Meiki"]
[Black "Seitov, Adela"]
[Result "1-0"]
[Termination "normal"]
[Board "16"]
[WhiteElo "942"]
[BlackElo "923"]
[WhiteClock "00:37:17"]
[BlackClock "01:22:39"]
[PlyCount "119"]
[BlackFideId "34675140"]
[EventCountry "GER"]
[EventRounds "11"]
[EventType "swiss"]
[EventDate "2024.05.18"]

1. d4 {[%clk 01:15:58]} {[%emt 00:00:01]} d5 {[%clk 01:15:54]} {[%emt
00:00:07]} 2. Nf3 {[%clk 01:16:20]} {[%emt 00:00:07]} Nf6 {[%clk 01:16:15]}
{[%emt 00:00:09]} 3. Bf4 {[%clk 01:16:43]} {[%emt 00:00:07]} Bg4 {[%clk
01:16:23]} {[%emt 00:00:23]} 4. e3 {[%clk 01:16:59]} {[%emt 00:00:13]} Bxf3
{[%clk 01:16:31]} {[%emt 00:00:22]} 5. Qxf3 {[%clk 01:17:19]} {[%emt 00:00:09]}
Nc6 {[%clk 01:16:48]} {[%emt 00:00:14]} 6. Bd3 {[%clk 01:17:21]} {[%emt
00:00:27]} e6 {[%clk 01:16:51]} {[%emt 00:00:28]} 7. O-O {[%clk 01:17:18]}
{[%emt 00:00:33]} Bd6 {[%clk 01:17:08]} {[%emt 00:00:13]} 8. Bxd6 {[%clk
01:17:24]} {[%emt 00:00:23]} cxd6 {[%clk 01:17:31]} {[%emt 00:00:08]} 9. Nd2
{[%clk 01:16:54]} {[%emt 00:00:59]} e5 {[%clk 01:17:56]} {[%emt 00:00:06]} 10.
dxe5 {[%clk 01:14:13]} {[%emt 00:03:11]} dxe5 {[%clk 01:18:00]} {[%emt
00:00:26]} 11. e4 {[%clk 01:10:48]} {[%emt 00:03:54]} dxe4 {[%clk 01:17:59]}
{[%emt 00:00:33]} 12. Nxe4 {[%clk 01:11:06]} {[%emt 00:00:12]} Nxe4 {[%clk
01:18:15]} {[%emt 00:00:14]} 13. Qxe4 {[%clk 01:11:18]} {[%emt 00:00:17]} Qd4
{[%clk 01:18:21]} {[%emt 00:00:25]} 14. c3 {[%clk 01:08:29]} {[%emt 00:03:18]}
Qxe4 {[%clk 01:18:44]} {[%emt 00:00:08]} 15. Bxe4 {[%clk 01:08:44]} {[%emt
00:00:14]} O-O {[%clk 01:18:58]} {[%emt 00:00:16]} 16. Rad1 {[%clk 01:08:00]}
{[%emt 00:01:12]} f5 {[%clk 01:19:05]} {[%emt 00:00:25]} 17. Bd5+ {[%clk
01:06:48]} {[%emt 00:01:39]} Kh8 {[%clk 01:19:29]} {[%emt 00:00:10]} 18. b4
{[%clk 01:03:32]} {[%emt 00:03:45]} Rfd8 {[%clk 01:18:00]} {[%emt 00:02:00]}
19. b5 {[%clk 01:00:57]} {[%emt 00:03:05]} Ne7 {[%clk 01:18:13]} {[%emt
00:00:16]} 20. c4 {[%clk 00:59:41]} {[%emt 00:01:46]} e4 {[%clk 01:17:39]}
{[%emt 00:01:05]} 21. f3 {[%clk 00:58:23]} {[%emt 00:01:47]} e3 {[%clk
01:17:35]} {[%emt 00:00:34]} 22. Rfe1 {[%clk 00:54:21]} {[%emt 00:04:30]} f4
{[%clk 01:17:48]} {[%emt 00:00:19]} 23. Rd4 {[%clk 00:53:51]} {[%emt 00:00:50]}
Ng6 {[%clk 01:17:41]} {[%emt 00:00:47]} 24. Kf1 {[%clk 00:52:55]} {[%emt
00:01:24]} b6 {[%clk 01:17:02]} {[%emt 00:01:12]} 25. Red1 {[%clk 00:51:57]}
{[%emt 00:01:11]} Re8 {[%clk 01:17:12]} {[%emt 00:00:36]} 26. Ke2 {[%clk
00:51:44]} {[%emt 00:00:42]} Rad8 {[%clk 01:17:25]} {[%emt 00:00:19]} 27. Bf7
{[%clk 00:50:41]} {[%emt 00:01:28]} Rxd4 {[%clk 01:17:34]} {[%emt 00:00:25]}
28. Rxd4 {[%clk 00:50:42]} {[%emt 00:00:29]} Rf8 {[%clk 01:17:52]} {[%emt
00:00:13]} 29. Bxg6 {[%clk 00:47:27]} {[%emt 00:03:44]} hxg6 {[%clk 01:18:12]}
{[%emt 00:00:10]} 30. g3 {[%clk 00:46:13]} {[%emt 00:01:44]} fxg3 {[%clk
01:18:32]} {[%emt 00:00:10]} 31. hxg3 {[%clk 00:46:16]} {[%emt 00:00:27]} Re8
{[%clk 01:18:37]} {[%emt 00:00:25]} 32. Rh4+ {[%clk 00:44:21]} {[%emt
00:02:22]} Kg8 {[%clk 01:19:00]} {[%emt 00:00:10]} 33. a4 {[%clk 00:43:58]}
{[%emt 00:00:53]} g5 {[%clk 01:19:17]} {[%emt 00:00:13]} 34. Rh5 {[%clk
00:43:22]} {[%emt 00:01:02]} Re5 {[%clk 01:18:04]} {[%emt 00:01:47]} 35. f4
{[%clk 00:41:57]} {[%emt 00:01:55]} g6 {[%clk 01:17:55]} {[%emt 00:05:32]} 36.
Rxg5 {[%clk 00:41:36]} {[%emt 00:00:51]} Rxg5 {[%clk 01:18:10]} {[%emt
00:00:15]} 37. fxg5 {[%clk 00:41:55]} {[%emt 00:00:10]} Kf7 {[%clk 01:18:34]}
{[%emt 00:00:07]} 38. Kxe3 {[%clk 00:41:59]} {[%emt 00:00:26]} Ke6 {[%clk
01:18:50]} {[%emt 00:00:14]} 39. Ke4 {[%clk 00:41:46]} {[%emt 00:00:43]} Kd7
{[%clk 01:18:19]} {[%emt 00:01:01]} 40. Kd5 {[%clk 00:41:37]} {[%emt 00:00:37]}
a5 {[%clk 01:17:35]} {[%emt 00:01:15]} 41. bxa6 {[%emt 00:01:35]} Kc7 {[%clk
01:17:24]} {[%emt 00:00:16]} 42. c5 {[%clk 00:40:58]} {[%emt 00:00:30]} bxc5
{[%clk 01:17:47]} {[%emt 00:00:07]} 43. Kxc5 {[%clk 00:41:17]} {[%emt
00:00:11]} Kb8 {[%clk 01:18:08]} {[%emt 00:00:09]} 44. Kb6 {[%clk 00:41:39]}
{[%emt 00:00:07]} Ka8 {[%clk 01:18:25]} {[%emt 00:00:14]} 45. a5 {[%clk
00:41:55]} {[%emt 00:00:14]} Kb8 {[%clk 01:18:44]} {[%emt 00:00:11]} 46. a7+
{[%clk 00:41:52]} {[%emt 00:00:33]} Ka8 {[%clk 01:19:09]} {[%emt 00:00:04]} 47.
Kb5 {[%clk 00:41:32]} {[%emt 00:00:48]} Kxa7 {[%clk 01:19:15]} {[%emt
00:00:26]} 48. a6 {[%clk 00:41:49]} {[%emt 00:00:14]} Ka8 {[%clk 01:19:36]}
{[%emt 00:00:09]} 49. Kb6 {[%clk 00:42:02]} {[%emt 00:00:16]} Kb8 {[%clk
01:20:01]} {[%emt 00:00:07]} 50. Kc6 {[%clk 00:35:56]} {[%emt 00:06:32]} Kc8
{[%clk 01:20:21]} {[%emt 00:00:13]} 51. a7 {[%clk 00:36:09]} {[%emt 00:00:17]}
Kd8 {[%clk 01:20:38]} {[%emt 00:00:13]} 52. a8=Q+ {[%clk 00:36:24]} {[%emt
00:00:14]} Ke7 {[%clk 01:21:00]} 53. Kd5 {[%clk 00:35:44]} {[%emt 00:01:17]}
Kf7 {[%clk 01:20:54]} {[%emt 00:00:37]} 54. Qa6 {[%clk 00:35:55]} {[%emt
00:00:18]} Ke7 {[%clk 01:21:19]} {[%emt 00:00:07]} 55. Qb6 {[%clk 00:36:15]}
{[%emt 00:00:10]} Kf7 {[%clk 01:21:40]} {[%emt 00:00:09]} 56. Ke5 {[%clk
00:36:35]} {[%emt 00:00:08]} Kg7 {[%clk 01:22:03]} {[%emt 00:00:09]} 57. Qc7+
{[%clk 00:36:42]} {[%emt 00:00:21]} Kf8 {[%clk 01:22:30]} {[%emt 00:00:03]} 58.
Ke6 {[%clk 00:36:59]} {[%emt 00:00:14]} Kg8 {[%clk 01:22:40]} {[%emt 00:00:20]}
59. Kf6 {[%clk 00:37:22]} {[%emt 00:00:07]} Kh8 {[%clk 01:22:39]} {[%emt
00:00:22]} 60. Qg7# {[%clk 00:37:17]} {[%emt 00:00:14]} 1-0

[Event "DEM U10w 2024"]
[Site "Willingen GER"]
[Date "2024.05.24"]
[Round "9"]
[White "Rabus, Luise"]
[Black "Yamshchikova, Oleksandra"]
[Result "1-0"]
[Termination "normal"]
[Board "17"]
[WhiteElo "1090"]
[BlackElo "1032"]
[WhiteClock "01:02:00"]
[BlackClock "00:49:01"]
[PlyCount "37"]
[WhiteFideId "34636900"]
[BlackFideId "34171118"]
[EventCountry "GER"]
[EventRounds "11"]
[EventType "swiss"]
[EventDate "2024.05.18"]

1. e4 {[%clk 01:15:58]} {[%emt 00:00:01]} e5 {[%clk 01:15:56]} {[%emt
00:00:04]} 2. Nc3 {[%clk 01:16:22]} {[%emt 00:00:06]} Nf6 {[%clk 01:16:13]}
{[%emt 00:00:13]} 3. f4 {[%clk 01:16:44]} {[%emt 00:00:08]} d6 {[%clk
01:15:54]} {[%emt 00:00:49]} 4. Nf3 {[%clk 01:17:03]} {[%emt 00:00:11]} exf4
{[%clk 01:15:46]} {[%emt 00:00:38]} 5. d4 {[%clk 01:17:03]} {[%emt 00:00:30]}
c6 {[%clk 01:15:08]} {[%emt 00:01:08]} 6. Bxf4 {[%clk 01:16:12]} {[%emt
00:01:21]} b6 {[%clk 01:14:24]} {[%emt 00:01:13]} 7. Bd3 {[%clk 01:10:05]}
{[%emt 00:06:38]} c5 {[%clk 01:11:30]} {[%emt 00:03:24]} 8. e5 {[%clk
01:05:03]} {[%emt 00:05:33]} dxe5 {[%clk 01:11:13]} {[%emt 00:00:46]} 9. Bxe5
{[%clk 01:05:20]} {[%emt 00:00:13]} Be7 {[%clk 01:10:30]} {[%emt 00:01:12]} 10.
Bxf6 {[%clk 01:04:36]} {[%emt 00:01:15]} Bxf6 {[%clk 01:10:15]} {[%emt
00:00:46]} 11. Be4 {[%clk 01:03:56]} {[%emt 00:01:09]} Be7 {[%clk 01:09:15]}
{[%emt 00:01:30]} 12. Bxa8 {[%clk 01:04:08]} {[%emt 00:00:18]} O-O {[%clk
01:02:05]} {[%emt 00:07:39]} 13. O-O {[%clk 01:04:09]} {[%emt 00:00:30]} Qd6
{[%clk 01:01:37]} {[%emt 00:00:58]} 14. Be4 {[%clk 01:03:44]} {[%emt 00:00:54]}
h6 {[%clk 01:00:17]} {[%emt 00:01:50]} 15. Qe2 {[%clk 01:02:42]} {[%emt
00:01:33]} Re8 {[%clk 00:56:26]} {[%emt 00:04:20]} 16. Qd3 {[%clk 01:02:12]}
{[%emt 00:01:01]} Bf6 {[%clk 00:50:09]} {[%emt 00:06:47]} 17. Ne5 {[%clk
01:01:24]} {[%emt 00:01:18]} cxd4 {[%clk 00:48:58]} {[%emt 00:01:41]} 18. Bh7+
{[%clk 01:01:40]} {[%emt 00:00:14]} Kh8 {[%clk 00:49:01]} {[%emt 00:00:26]} 19.
Nxf7# {[%clk 01:02:00]} {[%emt 00:00:12]} 1-0